Poznámky k univerzalite v období globalizácie

Autor interpretuje univerzalistický koncept histórie ľudstva v konfrontácii s partikularistickým konceptom civilizácie a kultúrnej rôznorodosti. V súlade s neoliberalizmom, globalizácia by mala viesť ku konečnej fáze histórie ľudstva, k poslednému víťazstvu planéty dobra nad zlom. Fukuyamova koncepc...

Descrizione completa

Salvato in:
Dettagli Bibliografici
Autore principale: Márton, Milan
Natura: Capitolo di libro
Lingua:slovacco
Soggetti:
Tags: Aggiungi Tag
Nessun Tag, puoi essere il primo ad aggiungerne!!

MARC

LEADER 00000naa$a2200000$$$4500
001 0048319
005 20240502071545.2
041 0 |a slo 
044 |a SK 
245 1 0 |a Poznámky k univerzalite v období globalizácie  |c Milan Márton 
520 |a Autor interpretuje univerzalistický koncept histórie ľudstva v konfrontácii s partikularistickým konceptom civilizácie a kultúrnej rôznorodosti. V súlade s neoliberalizmom, globalizácia by mala viesť ku konečnej fáze histórie ľudstva, k poslednému víťazstvu planéty dobra nad zlom. Fukuyamova koncepcia konca dejín a posledného človeka. Herderova koncepcia pravého pluralistického univerzalizmu. Globalizmus podľa U. Becka - svetová spoločnosť sa obmedzuje a degraduje na spoločnosť svetového trhu. 
610 2 0 |a spoločnosť 
610 2 0 |a história 
610 2 0 |a spoločnosť globálna 
610 2 0 |a spoločnosť kapitalistická 
610 2 0 |a globalizácia 
610 2 0 |a koncepcie 
610 2 0 |a paradigma 
610 2 0 |a filozofia 
100 1 |a Márton, Milan